Carregando...

Student power: problems, diagnosis, action /

Detalhes bibliográficos
Outros Autores: Blackburn, Robin (Editor)
Formato: Printed Book
Idioma:English
Publicado em: Maryland: Penguin Books, 1969.
Assuntos:
LEADER 00618nam a22001577a 4500
008 210925b |||||||| |||| 00| 0 eng d
041 |a eng 
245 |a Student power:  |b problems, diagnosis, action /  |c Alexander Cockburn 
260 |a Maryland:  |b Penguin Books,  |c 1969. 
300 |a 378 pages.  |c 17 cm. 
650 7 |2 fast  |9 933491  |a College students  |x Political activity 
650 7 |2 fast  |9 1196305  |a Student movements 
700 |a  Blackburn, Robin  |e Editor 
942 |c BK 
999 |c 361686  |d 361686 
952 |0 0  |1 0  |2 ddc  |4 0  |7 3  |9 420762  |a UL  |b UL  |c PROC  |d 2021-09-25  |e Donation -I.G.Bhaskara Panikker Family  |l 0  |p G13983  |r 2021-09-25  |w 2021-09-25  |y BK